000 01030cab a2200277 4500
001 ABS59194
008 090401t1998 xxu||||| |||| 00| 0 eng d
035 _a(Sirsi) u88249
041 _aeng
100 _aLewison, K.
245 _aTenants allowed single sting for repairs breach
260 _c1998
350 _a0
490 _aProperty Week
_v63(18) 28 August 1998, 29(1)
520 _aExamines the CA decision in "Wallace v Manchester CC" which considered the assessment of compensation where a landlord is in breach of a repairing covenant, both in the situation where the tenant remains in possession and where a tenant sub-lets the property.
650 _aBREACH OF CONTRACT
650 _aDAMAGES
650 _aDIMINUTION IN RENTAL VALUE
650 _aDISCOMFORT AND INCONVENIENCE
650 _aOCCUPATION
650 _aREPAIRING COVENANTS
650 _aSUB-LETTING
690 _aPROPERTY-RESIDENTIAL PROPERTY-RESIDENTIAL LANDLORD AND TENANT-RESIDENTIAL TENANCIES
942 _n0
948 _c02/09/1998
999 _c55751
_d55751